| 000 | 00421cam a2200181ua 4500 | ||
|---|---|---|---|
| 020 | _cRs.45.00 | ||
| 041 |
_aeng _h |
||
| 082 |
_a954.01 _bRAP/CA |
||
| 100 | _aRapson, E J . | ||
| 245 | _aCambridge history of India: vol-1, Ancient India | ||
| 250 |
_a3 / _b. |
||
| 260 |
_aNew Delhi : _bS.Chand & CO , _c1968. |
||
| 300 | _a ; . | ||
| 365 | _aRs.45.00 | ||
| 504 | _a | ||
| 942 | _cBK | ||
| 999 |
_c143 _d143 |
||